[Event "Landesklasse West 2015/2016"]
[Site "?"]
[Date "2015.10.25"]
[Round "2"]
[White "Dawydow, Alexej"]
[Black "Anschütz, Bernd"]
[Result "1/2-1/2"]
[WhiteElo "1943"]
[BlackElo "1728"]
[PlyCount "36"]
[EventDate "2015.??.??"]
[WhiteTeam "SV Ammern"]
[BlackTeam "SV Wartburgstadt Eisenach"]

1. e4 c5 2. Nf3 Nc6 3. Nc3 e5 4. d3 g6 5. Be3 d6 6. Qd2 Bg7 7. O-O-O Nge7 8.
Bh6 Bxh6 9. Qxh6 Be6 10. Ng5 Qd7 11. g3 O-O-O 12. f4 f5 13. g4 fxg4 14. f5 Bxf5
15. Qg7 Be6 16. Qf6 Nd4 17. Ne2 Rdf8 18. Qg7 Nec6 1/2-1/2

[Event "Landesklasse West 2015/2016"]
[Site "?"]
[Date "2015.10.25"]
[Round "2"]
[White "Ulbricht, Olaf"]
[Black "Kurze, Christoph"]
[Result "0-1"]
[WhiteElo "1571"]
[BlackElo "1853"]
[PlyCount "132"]
[EventDate "2015.??.??"]
[WhiteTeam "SV Wartburgstadt Eisenach"]
[BlackTeam "SV Ammern"]

1. e4 c5 2. Nf3 d6 3. d4 cxd4 4. Nxd4 Nf6 5. Bd3 e5 6. Nf5 Bxf5 7. exf5 e4 8.
Bb5+ Nc6 9. O-O Qa5 10. a4 a6 11. Bd2 Qc7 12. Be2 d5 13. c3 Bd6 14. g3 h6 15.
b4 O-O 16. Na3 Rfe8 17. Nc2 Be5 18. Rb1 Qd7 19. f4 Bc7 20. g4 Bb6+ 21. Be3
Bxe3+ 22. Nxe3 d4 23. cxd4 Nxd4 24. b5 Nxe2+ 25. Qxe2 Qd4 26. Rfd1 Qxa4 27. Ra1
Qb3 28. Rdb1 Qc3 29. Rc1 Qd4 30. Rd1 Qc5 31. Rdc1 Qb6 32. Kg2 axb5 33. Rab1 b4
34. g5 Nh5 35. Qxh5 Qxe3 36. gxh6 Ra2+ 37. Kh1 Qxf4 38. hxg7 Qf3+ 39. Qxf3 exf3
40. f6 Ra6 41. Kg1 Rxf6 42. Rxb4 Kxg7 43. Rcc4 Re1+ 44. Kf2 Re2+ 45. Kf1 Rxh2
46. Rf4 Rc6 47. Rbc4 Rxc4 48. Rxc4 Rb2 49. Rf4 f2 50. Kg2 Kg6 51. Kg3 f5 52.
Kg2 Kg5 53. Rd4 b5 54. Kf1 b4 55. Kg2 f1=Q+ 56. Kxf1 f4 57. Ke1 b3 58. Rb4 Kg4
59. Rb8 Kg3 60. Kd1 Rb1+ 61. Kd2 Kf2 62. Rh8 f3 63. Rg8 Re1 64. Kc3 Re3+ 65.
Kb2 Ke2 66. Rh8 f2 0-1

[Event "Landesklasse West 2015/2016"]
[Site "?"]
[Date "2015.10.25"]
[Round "2"]
[White "Breuer, Harald"]
[Black "Becker, Walter"]
[Result "1-0"]
[WhiteElo "1846"]
[BlackElo "1475"]
[PlyCount "37"]
[EventDate "2015.??.??"]
[WhiteTeam "SV Ammern"]
[BlackTeam "SV Wartburgstadt Eisenach"]

1. e4 d6 2. d4 g6 3. Nc3 Bg7 4. h3 Nf6 5. Nf3 Nbd7 6. Bc4 O-O 7. O-O c5 8. a3
a6 9. e5 Ne8 10. e6 fxe6 11. Bxe6+ Kh8 12. Ng5 Qc7 13. Nf7+ Kg8 14. Nd5 Ndf6
15. Nxc7 Nxc7 16. Nh6+ Kh8 17. Ba2 Ne4 18. Nf7+ Kg8 19. Nxd6+ 1-0

[Event "Landesklasse West 2015/2016"]
[Site "?"]
[Date "2015.10.25"]
[Round "2"]
[White "Tischner, Manfred"]
[Black "Salaske, Peter"]
[Result "1/2-1/2"]
[WhiteElo "1718"]
[BlackElo "1832"]
[PlyCount "73"]
[EventDate "2015.??.??"]
[WhiteTeam "SV Wartburgstadt Eisenach"]
[BlackTeam "SV Ammern"]

1. e4 c5 2. Nf3 d6 3. d4 cxd4 4. Nxd4 Nf6 5. Nc3 g6 6. Bc4 a6 7. Bb3 b5 8. Nd5
Nxe4 9. Qe2 f5 10. f3 Bg7 11. c3 Nc5 12. Bg5 Nxb3 13. axb3 Bxd4 14. Bxe7 Qd7
15. cxd4 Kf7 16. Nb6 Qb7 17. Nxc8 Rxc8 18. Bxd6 Re8 19. Be5 Qd5 20. O-O Nc6 21.
f4 Qxd4+ 22. Bxd4 Rxe2 23. Bc3 b4 24. Rfe1 Rxe1+ 25. Bxe1 Re8 26. Kf1 a5 27.
Bf2 Rd8 28. Rc1 Nd4 29. Rd1 Ne6 30. Rxd8 Nxd8 31. Ke2 Ke6 32. Bb6 Nb7 33. Kd3
Kd5 34. Bf2 Nd6 35. Bb6 Nb7 36. Bf2 Nd6 37. Bb6 1/2-1/2

[Event "Landesklasse West 2015/2016"]
[Site "?"]
[Date "2015.10.25"]
[Round "2"]
[White "Rockstuhl, Reiner"]
[Black "Kuntze, Andreas"]
[Result "1/2-1/2"]
[WhiteElo "1805"]
[BlackElo "2006"]
[PlyCount "47"]
[EventDate "2015.??.??"]
[WhiteTeam "Schachclub 1998 Gotha"]
[BlackTeam "Schachclub Rochade Leinefelde"]

1. e4 d5 2. exd5 Nf6 3. d4 Bg4 4. f3 Bf5 5. Bd3 Qxd5 6. Bxf5 Qxf5 7. c4 Nc6 8.
Ne2 O-O-O 9. O-O Nxd4 10. Nxd4 Qe5 11. Qb3 Qxd4+ 12. Be3 Qd3 13. Re1 Qxb3 14.
axb3 Rd3 15. Nc3 a6 16. b4 Nd7 17. c5 Nb8 18. Kf1 Nc6 19. Ra4 Nd4 20. Bf2 c6
21. Ne4 h6 22. Rc1 Nb5 23. Ke2 Rd5 24. Nd2 1/2-1/2

[Event "Landesklasse West 2015/2016"]
[Site "?"]
[Date "2015.10.25"]
[Round "2"]
[White "Kachel, Alfred"]
[Black "Lutzkat, Ulrich"]
[Result "1/2-1/2"]
[WhiteElo "1953"]
[BlackElo "1930"]
[PlyCount "64"]
[EventDate "2015.??.??"]
[WhiteTeam "Schachclub Rochade Leinefelde"]
[BlackTeam "Schachclub 1998 Gotha"]

1. d4 Nf6 2. Nf3 e6 3. c4 b6 4. a3 Bb7 5. Nc3 Be7 6. Qc2 d5 7. cxd5 exd5 8. Bf4
c6 9. h3 O-O 10. e3 Bd6 11. Bxd6 Qxd6 12. Bd3 Ba6 13. O-O Bxd3 14. Qxd3 Nbd7
15. Rac1 Rfe8 16. Nd2 Rac8 17. Rfe1 Nf8 18. Qf5 Qe6 19. Qxe6 Nxe6 20. Nf3 Red8
21. Red1 Kf8 22. Rd2 Rc7 23. Rdc2 Rdc8 24. Ne5 Ne8 25. Na4 Nd8 26. Nc3 f6 27.
Nd3 Ne6 28. Nb4 a5 29. Nd3 Nd6 30. b3 Kf7 31. f3 b5 32. Kf2 Ke7 1/2-1/2

[Event "Landesklasse West 2015/2016"]
[Site "?"]
[Date "2015.10.25"]
[Round "2"]
[White "Manger, Hans-Gerald"]
[Black "Frank, Thomas"]
[Result "1/2-1/2"]
[WhiteElo "1806"]
[BlackElo "1883"]
[PlyCount "60"]
[EventDate "2015.??.??"]
[WhiteTeam "Schachclub 1998 Gotha"]
[BlackTeam "Schachclub Rochade Leinefelde"]

1. d4 Nf6 2. c4 g6 3. Nc3 Bg7 4. e4 d6 5. h3 O-O 6. Bg5 Na6 7. Nf3 e5 8. dxe5
dxe5 9. Qxd8 Rxd8 10. Nd5 Rd6 11. Nxf6+ Bxf6 12. Bxf6 Rxf6 13. O-O-O Nc5 14.
Bd3 Re6 15. Bc2 c6 16. Rd8+ Kg7 17. Rhd1 a5 18. R1d2 Re7 19. a3 Ne6 20. R8d6
Nf4 21. Ne1 Be6 22. c5 Bc4 23. b3 Bf1 24. f3 Ne2+ 25. Kb2 Nd4 26. Bd3 Bxd3 27.
Rxd3 Ne6 28. Rc3 Nf4 29. Rc2 Ne6 30. a4 Rae8 1/2-1/2

[Event "Landesklasse West 2015/2016"]
[Site "?"]
[Date "2015.10.25"]
[Round "2"]
[White "Pfitzenreuter, Gerald"]
[Black "Bauer, Wilfried"]
[Result "1/2-1/2"]
[WhiteElo "1865"]
[BlackElo "1596"]
[PlyCount "82"]
[EventDate "2015.??.??"]
[WhiteTeam "Schachclub Rochade Leinefelde"]
[BlackTeam "Schachclub 1998 Gotha"]

1. d4 d6 2. c4 f5 3. Nf3 g6 4. Nc3 Bg7 5. e3 Nd7 6. Be2 Nh6 7. O-O O-O 8. Qc2
e5 9. b3 Nf7 10. Bb2 c6 11. Rad1 e4 12. Nd2 Nf6 13. b4 Be6 14. Nb3 d5 15. c5
Qc7 16. b5 f4 17. exf4 Qxf4 18. Bc1 Qh4 19. Na5 Rab8 20. bxc6 b6 21. cxb6 axb6
22. Nb3 Ng4 23. Bf4 Ra8 24. Bg3 Qe7 25. h3 Ngh6 26. Nb5 Nf5 27. Bh2 Rfc8 28.
Rb1 N7d6 29. Rfd1 Nxb5 30. Bxb5 Nd6 31. a4 Ra7 32. Nc1 Nc4 33. Qc3 Na5 34. Ne2
Bh6 35. Nf4 Bf7 36. Rdc1 Qf6 37. Qg3 Nxc6 38. Qg4 Rac7 39. Ne2 Be6 40. Qg3 Bxc1
41. Rxc1 Bd7 1/2-1/2

[Event "Landesklasse West 2015/2016"]
[Site "?"]
[Date "2015.10.25"]
[Round "2"]
[White "Schlick, Stefan"]
[Black "Seeboth, Paul"]
[Result "0-1"]
[WhiteElo "1685"]
[BlackElo "1807"]
[PlyCount "56"]
[EventDate "2015.??.??"]
[WhiteTeam "Schachclub 1998 Gotha"]
[BlackTeam "Schachclub Rochade Leinefelde"]

1. d4 Nf6 2. c4 d6 3. Nc3 c6 4. e4 g6 5. h3 Bg7 6. Bg5 Nbd7 7. Nf3 O-O 8. Bd3
e5 9. d5 Nc5 10. b4 Nxd3+ 11. Qxd3 a5 12. b5 c5 13. a4 b6 14. O-O-O h6 15. Bxf6
Qxf6 16. g4 Qe7 17. Rdg1 f5 18. gxf5 gxf5 19. Rg3 Ra7 20. Rxg7+ Kxg7 21. Rg1+
Kh7 22. exf5 Bxf5 23. Qe3 Bg6 24. Ne4 Rf4 25. Nfg5+ hxg5 26. Nxg5+ Kh6 27. Ne6
Qf6 28. h4 Kh7 0-1

[Event "Landesklasse West 2015/2016"]
[Site "?"]
[Date "2015.10.25"]
[Round "2"]
[White "Meysing, Gerhard"]
[Black "Reucker, Friedrich"]
[Result "1/2-1/2"]
[WhiteElo "1487"]
[BlackElo "1592"]
[PlyCount "95"]
[EventDate "2015.??.??"]
[WhiteTeam "Schachclub Rochade Leinefelde"]
[BlackTeam "Schachclub 1998 Gotha"]

1. e4 e6 2. Nf3 d5 3. exd5 exd5 4. Bb5+ c6 5. Ba4 Nf6 6. h3 Be7 7. d3 O-O 8.
O-O h6 9. Bf4 a6 10. c3 Bf5 11. Bc2 c5 12. d4 Bxc2 13. Qxc2 Nc6 14. Be3 c4 15.
Nbd2 Qc7 16. b3 cxb3 17. axb3 Rac8 18. Qb2 Bd6 19. Rac1 b5 20. b4 Rb8 21. Nb3
a5 22. Nxa5 Nxa5 23. bxa5 Qxa5 24. Ra1 Qc7 25. Rfc1 Qd7 26. Bd2 Ne4 27. Be1
Rfc8 28. Nd2 b4 29. Nxe4 bxc3 30. Qc2 dxe4 31. Bxc3 Bb4 32. Qd2 Be7 33. Qe3 Bg5
34. Qxe4 Bxc1 35. Rxc1 Rb3 36. Bd2 Rxc1+ 37. Bxc1 Rc3 38. Qa8+ Kh7 39. Qe4+ g6
40. Be3 Rc6 41. Qf4 g5 42. Qe4+ Kg7 43. Bd2 Re6 44. Qd3 Qd5 45. Bb4 f6 46. Qc3
Qb7 47. Qc5 Re8 48. d5 1/2-1/2

[Event "Landesklasse West 2015/2016"]
[Site "?"]
[Date "2015.10.25"]
[Round "2"]
[White "Funke, Johannes"]
[Black "Heddergott, Walter"]
[Result "1/2-1/2"]
[WhiteElo "1504"]
[BlackElo "1584"]
[PlyCount "33"]
[EventDate "2015.??.??"]
[WhiteTeam "Schachclub 1998 Gotha"]
[BlackTeam "Schachclub Rochade Leinefelde"]

1. d4 d5 2. c4 c6 3. Nc3 g6 4. cxd5 cxd5 5. Bf4 Nf6 6. e3 Bg7 7. Nf3 a6 8. Be2
Nc6 9. O-O O-O 10. h3 Bf5 11. Rc1 Rc8 12. Nd2 Qb6 13. a3 Qxb2 14. Na4 Qxa3 15.
Nb6 Rce8 16. g4 Qa5 17. Bc7 1/2-1/2

[Event "Landesklasse West 2015/2016"]
[Site "?"]
[Date "2015.10.25"]
[Round "2"]
[White "Stöber, Guido"]
[Black "Schmidt, Helge"]
[Result "0-1"]
[WhiteElo "1318"]
[BlackElo "1838"]
[PlyCount "50"]
[EventDate "2015.??.??"]
[WhiteTeam "Schachclub Rochade Leinefelde"]
[BlackTeam "Schachclub 1998 Gotha"]

1. e4 c5 2. Nf3 e6 3. d4 cxd4 4. Nxd4 a6 5. Nc3 Qc7 6. Be2 b5 7. a3 Bb7 8. O-O
Nf6 9. Bf3 d6 10. Be3 Nbd7 11. Re1 Be7 12. Qd2 Ne5 13. Bg5 h6 14. Bh4 O-O 15.
Bg3 Rfd8 16. Bd1 Rac8 17. Nf3 Nc4 18. Qc1 Nh5 19. Bh4 Bxh4 20. Nxh4 Nf6 21. Nf3
Qc5 22. Nd2 Nxb2 23. Qxb2 Qxc3 24. Qxc3 Rxc3 25. Nb3 Bxe4 0-1

[Event "Landesklasse West 2015/2016"]
[Site "?"]
[Date "2015.11.08"]
[Round "3"]
[White "Kuntze, Andreas"]
[Black "Messerschmidt, Daniel"]
[Result "1/2-1/2"]
[WhiteElo "2006"]
[BlackElo "1863"]
[PlyCount "110"]
[EventDate "2015.??.??"]
[WhiteTeam "Schachclub Rochade Leinefelde"]
[BlackTeam "SG Trusetal 92"]

1. e4 c5 2. a3 g6 3. b4 Bg7 4. Nc3 cxb4 5. axb4 d6 6. Nf3 Nf6 7. d4 O-O 8. Be2
Nbd7 9. O-O Nb6 10. Bb2 a6 11. b5 a5 12. Bd3 Qc7 13. Na4 Bg4 14. Nxb6 Qxb6 15.
h3 Bxf3 16. Qxf3 Nd7 17. Qg4 Rfd8 18. Ra4 e5 19. c3 Nf6 20. Qf3 d5 21. exd5 e4
22. Bxe4 Nxe4 23. Qxe4 Qxb5 24. Qc2 Qxd5 25. Rfa1 b6 26. c4 Rac8 27. Qd3 Qd7
28. Qb3 Bxd4 29. Bxd4 Qxd4 30. Rb1 Rc6 31. Qb5 Rf6 32. Rf1 Rf5 33. Qc6 Rd6 34.
Qe8+ Kg7 35. Qe2 Re6 36. Qc2 Rfe5 37. Ra2 Re1 38. Qb2 Rxf1+ 39. Kxf1 Qxb2 40.
Rxb2 Rc6 41. Ke2 Rxc4 42. Rxb6 Rc2+ 43. Ke3 a4 44. Ra6 Ra2 45. h4 a3 46. g3 Ra1
47. Kf3 a2 48. Kg2 Kf8 49. Ra7 Ke8 50. Kf3 h6 51. Kg2 Kf8 52. Kf3 Kg7 53. Ra6
g5 54. hxg5 hxg5 55. Kg4 Rb1 1/2-1/2

[Event "Landesklasse West 2015/2016"]
[Site "?"]
[Date "2015.11.08"]
[Round "3"]
[White "Messerschmidt, Nick"]
[Black "Kachel, Alfred"]
[Result "0-1"]
[WhiteElo "1935"]
[BlackElo "1953"]
[PlyCount "66"]
[EventDate "2015.??.??"]
[WhiteTeam "SG Trusetal 92"]
[BlackTeam "Schachclub Rochade Leinefelde"]

1. e4 c6 2. d4 g6 3. f4 d5 4. e5 h5 5. Nf3 Bg4 6. Bd3 e6 7. Nbd2 Nh6 8. h3 Bxf3
9. Nxf3 Nf5 10. Bxf5 gxf5 11. Ng5 h4 12. a4 c5 13. dxc5 Bxc5 14. Qd3 Nd7 15. a5
a6 16. Bd2 Qc7 17. b4 Be7 18. Nf3 Rc8 19. c3 Qc4 20. Qxc4 Rxc4 21. Kf2 Nb8 22.
Nd4 Kd7 23. Rab1 Nc6 24. Nxc6 Kxc6 25. g4 hxg3+ 26. Kxg3 f6 27. exf6 Bxf6 28.
Rbc1 Kb5 29. Rc2 Bh4+ 30. Kf3 Rg8 31. Be1 Rh8 32. Bd2 Bf6 33. Ke2 d4 0-1

[Event "Landesklasse West 2015/2016"]
[Site "?"]
[Date "2015.11.08"]
[Round "3"]
[White "Frank, Thomas"]
[Black "Ribitzki, Mathias"]
[Result "1/2-1/2"]
[WhiteElo "1883"]
[BlackElo "1761"]
[PlyCount "99"]
[EventDate "2015.??.??"]
[WhiteTeam "Schachclub Rochade Leinefelde"]
[BlackTeam "SG Trusetal 92"]

1. d4 d5 2. c4 e6 3. Nc3 Nf6 4. cxd5 exd5 5. Bg5 Be7 6. e3 O-O 7. Qc2 c6 8. Bd3
Nbd7 9. Nge2 Re8 10. O-O Nf8 11. f3 h6 12. Bh4 Bd7 13. a3 a5 14. Rae1 b5 15.
Kh1 b4 16. Nb1 Rc8 17. Qd2 Qb6 18. Bf2 c5 19. dxc5 Bxc5 20. Nd4 Bxd4 21. exd4
Bb5 22. Rxe8 Rxe8 23. Rc1 Bxd3 24. Qxd3 Ne6 25. g3 Rb8 26. Nd2 Ne8 27. a4 Nd6
28. Kg2 Rc8 29. Rxc8+ Nxc8 30. Nb3 Nd6 31. Nc5 Qc6 32. b3 Nc7 33. Qe2 Kf8 34.
Qe5 Nde8 35. Qf5 Ne6 36. h4 Nxc5 37. dxc5 Nf6 38. Qe5 Nd7 39. Qd4 Qe6 40. Qd3
Nb8 41. g4 g6 42. Be3 Kg7 43. Qd2 h5 44. Bh6+ Kg8 45. Qb2 f6 46. Qc2 f5 47.
gxh5 gxh5 48. Qd2 Kh7 49. Bg5 Nc6 50. Qf4 1/2-1/2

[Event "Landesklasse West 2015/2016"]
[Site "?"]
[Date "2015.11.08"]
[Round "3"]
[White "Willner, Holger"]
[Black "Pfitzenreuter, Gerald"]
[Result "1-0"]
[WhiteElo "1779"]
[BlackElo "1865"]
[PlyCount "105"]
[EventDate "2015.??.??"]
[WhiteTeam "SG Trusetal 92"]
[BlackTeam "Schachclub Rochade Leinefelde"]

1. e4 c5 2. Nc3 Nc6 3. g3 g6 4. Bg2 Bg7 5. d3 e6 6. Be3 d6 7. Nge2 Nd4 8. Qd2
Rb8 9. O-O b5 10. f4 Ne7 11. Nd1 O-O 12. c3 Nxe2+ 13. Qxe2 b4 14. cxb4 Rxb4 15.
Rc1 Nc6 16. h3 Nd4 17. Bxd4 Bxd4+ 18. Kh2 Ba6 19. b3 Qf6 20. f5 Qg5 21. Rc2 Be5
22. Rf3 exf5 23. exf5 Bb7 24. Qe3 Qh5 25. Rf1 Bxg2 26. Kxg2 gxf5 27. Rc4 Rxc4
28. dxc4 Qg6 29. Qf3 f4 30. g4 f5 31. Rh1 h5 32. Nf2 Bd4 33. Qd5+ Kg7 34. Re1
Bxf2 35. Kxf2 fxg4 36. hxg4 hxg4 37. Re6 Rf6 38. Qb7+ Qf7 39. Re7 f3 40. Rxf7+
Rxf7 41. Qe4 g3+ 42. Kf1 g2+ 43. Kf2 Kg8 44. Qe6 Kg7 45. Qxd6 Kg8 46. Qd5 Kg7
47. Qxc5 Kg6 48. Qd4 Kg5 49. c5 Rf4 50. Qe3 Kf5 51. c6 Rg4 52. Qxf3+ Rf4 53.
Qxf4+ 1-0

[Event "Landesklasse West 2015/2016"]
[Site "?"]
[Date "2015.11.08"]
[Round "3"]
[White "Seeboth, Paul"]
[Black "Schley, Thomas"]
[Result "1/2-1/2"]
[WhiteElo "1807"]
[BlackElo "1736"]
[PlyCount "46"]
[EventDate "2015.??.??"]
[WhiteTeam "Schachclub Rochade Leinefelde"]
[BlackTeam "SG Trusetal 92"]

1. d4 d5 2. c4 c6 3. Nc3 Nf6 4. Nf3 g6 5. Bg5 Bg7 6. e3 O-O 7. Bd3 Re8 8. O-O
Nbd7 9. Qc2 dxc4 10. Bxc4 Nb6 11. Be2 Be6 12. Ne5 Nfd5 13. Nd3 Nxc3 14. bxc3
Bc4 15. Rab1 Qd5 16. Bf4 Qf5 17. Qd2 Qc8 18. e4 Nd7 19. Be3 e5 20. f3 b6 21.
Rb4 b5 22. Nc1 Bxe2 23. Nxe2 Nb6 1/2-1/2

[Event "Landesklasse West 2015/2016"]
[Site "?"]
[Date "2015.11.08"]
[Round "3"]
[White "Hepp, Ingolf"]
[Black "Meysing, Gerhard"]
[Result "1/2-1/2"]
[WhiteElo "1448"]
[BlackElo "1487"]
[PlyCount "33"]
[EventDate "2015.??.??"]
[WhiteTeam "SG Trusetal 92"]
[BlackTeam "Schachclub Rochade Leinefelde"]

1. e4 e5 2. Nf3 Nc6 3. Bc4 Bc5 4. O-O d6 5. d3 h6 6. c3 Nf6 7. b4 Bb6 8. a4 a5
9. Qb3 O-O 10. b5 Ne7 11. h3 Ng6 12. Be3 Bxe3 13. fxe3 b6 14. Bd5 Nxd5 15. exd5
f5 16. Nbd2 f4 17. Rae1 1/2-1/2

[Event "Landesklasse West 2015/2016"]
[Site "?"]
[Date "2015.11.08"]
[Round "3"]
[White "Stöber, Guido"]
[Black "Voigt, Uwe"]
[Result "1-0"]
[WhiteElo "1318"]
[BlackElo "1538"]
[PlyCount "51"]
[EventDate "2015.??.??"]
[WhiteTeam "Schachclub Rochade Leinefelde"]
[BlackTeam "SG Trusetal 92"]

1. e4 e5 2. Nf3 Nc6 3. Bb5 d6 4. d4 exd4 5. Nxd4 Bd7 6. Nxc6 Bxc6 7. Bxc6+ bxc6
8. O-O Nf6 9. Nc3 Be7 10. Bf4 O-O 11. Qf3 c5 12. Rad1 Rb8 13. b3 Qc8 14. Nd5
Nxd5 15. Rxd5 Qe6 16. Rfd1 Rfe8 17. e5 Bf8 18. h3 Qg6 19. c3 Rb6 20. exd6 Bxd6
21. Be3 f6 22. Bxc5 Bxc5 23. Rxc5 Rbe6 24. Rxc7 Qg5 25. Rxa7 Qc5 26. Rdd7 1-0

[Event "Landesklasse West 2015/2016"]
[Site "?"]
[Date "2015.11.08"]
[Round "3"]
[White "Berger, Frank"]
[Black "Hoffmeyer, Benjamin"]
[Result "1-0"]
[WhiteElo "1662"]
[BlackElo "1169"]
[PlyCount "53"]
[EventDate "2015.??.??"]
[WhiteTeam "SG Trusetal 92"]
[BlackTeam "Schachclub Rochade Leinefelde"]

1. e4 e5 2. Nf3 Nc6 3. Bc4 Nf6 4. d3 Bc5 5. Nc3 d6 6. Bg5 h6 7. Bh4 Be6 8. Bb3
Nd4 9. Na4 Nxb3 10. axb3 Bb6 11. Nxb6 cxb6 12. h3 g5 13. Bg3 Qc7 14. Nd2 a6 15.
Nc4 b5 16. Ne3 O-O-O 17. O-O d5 18. d4 dxe4 19. Bxe5 Qe7 20. Qd2 Kd7 21. f4
Rhf8 22. f5 Bd5 23. Bxf6 Qxf6 24. Nxd5 Qd6 25. Nc3 Kc8 26. Rad1 Qb4 27. Nxe4
1-0

[Event "Landesklasse West 2015/2016"]
[Site "?"]
[Date "2015.11.08"]
[Round "3"]
[White "Scheftlein, Richard"]
[Black "Schorch, Rüdiger"]
[Result "1-0"]
[WhiteElo "2058"]
[BlackElo "1969"]
[PlyCount "55"]
[EventDate "2015.??.??"]
[WhiteTeam "ESV Lok Meiningen"]
[BlackTeam "SV Ammern"]

1. d4 d5 2. c4 c6 3. Nf3 Nf6 4. e3 g6 5. Nc3 Bg7 6. Qb3 O-O 7. Bd2 dxc4 8. Bxc4
b5 9. Be2 Be6 10. Qc2 Qb6 11. O-O a6 12. a4 b4 13. a5 Qb7 14. Na4 Nbd7 15. Ng5
Bg4 16. f3 h6 17. Nxf7 Bf5 18. e4 Kxf7 19. exf5 g5 20. Rac1 Rac8 21. Bc4+ Nd5
22. Qd3 Qa7 23. Be3 Bf6 24. Bf2 Kg7 25. b3 Rfd8 26. Rfe1 Nf8 27. Bxd5 Rxd5 28.
Nb6 1-0

[Event "Landesklasse West 2015/2016"]
[Site "?"]
[Date "2015.11.08"]
[Round "3"]
[White "Kampfhenkel, Ulrich"]
[Black "Jörges, Frank"]
[Result "1-0"]
[WhiteElo "1862"]
[BlackElo "1843"]
[PlyCount "133"]
[EventDate "2015.??.??"]
[WhiteTeam "SV Ammern"]
[BlackTeam "ESV Lok Meiningen"]

1. e4 d5 2. exd5 Qxd5 3. d4 Nf6 4. Nc3 Qd6 5. Nf3 a6 6. Bd3 Bg4 7. h3 Bh5 8.
Be3 e6 9. g4 Bg6 10. Ne5 Bxd3 11. Qxd3 Nc6 12. O-O-O Nxe5 13. dxe5 Qxd3 14.
Rxd3 Nd7 15. f4 O-O-O 16. Ne4 Be7 17. Rhd1 h6 18. Bd4 Nb8 19. Bc3 Nc6 20. Rxd8+
Rxd8 21. Rxd8+ Kxd8 22. a3 b6 23. Kd2 Na7 24. Kd3 Nb5 25. Be1 Kd7 26. c4 Na7
27. h4 Nc6 28. h5 f6 29. exf6 gxf6 30. Bc3 e5 31. fxe5 Nxe5+ 32. Bxe5 fxe5 33.
g5 hxg5 34. h6 Bf8 35. h7 Bg7 36. Nxg5 Ke7 37. Ke4 Kf6 38. Nf3 Kg6 39. Nxe5+
Kxh7 40. a4 Kg8 41. b4 Kf8 42. Nc6 Ke8 43. Kd5 Bc3 44. Ke6 Be1 45. c5 bxc5 46.
bxc5 a5 47. Ne5 Kd8 48. c6 Kc8 49. Kd5 Bc3 50. Nd3 Kb8 51. Kc4 Bd2 52. Kb5 Bc3
53. Nc5 Be1 54. Nb7 Bg3 55. Nxa5 Bf4 56. Nc4 Bg3 57. Kc5 Bh2 58. Kd5 Bg3 59.
Ke6 Bh2 60. Kd7 Bg3 61. Ne3 Bh2 62. Nd5 Bg3 63. a5 Bh2 64. a6 Bg3 65. Nxc7 Bh2
66. Nb5 Bg3 67. Nd6 1-0

[Event "Landesklasse West 2015/2016"]
[Site "?"]
[Date "2015.11.08"]
[Round "3"]
[White "Lehmann, Peter"]
[Black "Dawydow, Alexej"]
[Result "1/2-1/2"]
[WhiteElo "1888"]
[BlackElo "1943"]
[PlyCount "40"]
[EventDate "2015.??.??"]
[WhiteTeam "ESV Lok Meiningen"]
[BlackTeam "SV Ammern"]

1. d4 d5 2. Nf3 c6 3. e3 e6 4. Bd3 Bd6 5. Nbd2 Nd7 6. e4 Ne7 7. e5 Bc7 8. O-O
f6 9. exf6 Nxf6 10. Ne5 O-O 11. Ndf3 Nf5 12. c3 Nd7 13. Qe2 c5 14. Ng4 Nf6 15.
Nxf6+ Qxf6 16. Bg5 Qg6 17. Be7 c4 18. Bc2 Qh5 19. Bxf8 Bxh2+ 20. Kh1 Bg3+
1/2-1/2

[Event "Landesklasse West 2015/2016"]
[Site "?"]
[Date "2015.11.08"]
[Round "3"]
[White "Kurze, Christoph"]
[Black "Grube, Jan"]
[Result "0-1"]
[WhiteElo "1853"]
[BlackElo "1807"]
[PlyCount "56"]
[EventDate "2015.??.??"]
[WhiteTeam "SV Ammern"]
[BlackTeam "ESV Lok Meiningen"]

1. e4 c5 2. Nf3 Nc6 3. d4 cxd4 4. Nxd4 g6 5. Nc3 Bg7 6. Be3 d6 7. Qd2 Nf6 8. f3
Bd7 9. O-O-O Rc8 10. Nb3 Na5 11. Bh6 Nxb3+ 12. axb3 Bxh6 13. Qxh6 Qa5 14. Kb1
b5 15. g4 b4 16. Nd5 Qc5 17. Bc4 Be6 18. Qg7 Bxd5 19. Qxh8+ Kd7 20. Qg7 Bxc4
21. bxc4 Qxc4 22. Rd2 Rc5 23. Kc1 Ra5 24. Rd3 Ra1+ 25. Kd2 Rxh1 26. Qh6 Qc5 27.
Qh4 Qg1 28. e5 Rxh2+ 0-1

[Event "Landesklasse West 2015/2016"]
[Site "?"]
[Date "2015.11.08"]
[Round "3"]
[White "Holland-Cunz, Dietrich"]
[Black "Breuer, Harald"]
[Result "1-0"]
[WhiteElo "1788"]
[BlackElo "1846"]
[PlyCount "63"]
[EventDate "2015.??.??"]
[WhiteTeam "ESV Lok Meiningen"]
[BlackTeam "SV Ammern"]

1. d4 Nf6 2. c4 g6 3. Nf3 Bg7 4. g3 O-O 5. Bg2 c6 6. O-O d5 7. Nc3 Re8 8. cxd5
cxd5 9. Bf4 Bf5 10. Nb5 Na6 11. Rc1 Qb6 12. Qb3 Rac8 13. Ne5 Be6 14. h3 Nb8 15.
Nd3 Nc6 16. e3 Ne4 17. Nc7 Qxb3 18. axb3 Red8 19. Nxe6 fxe6 20. Bxe4 dxe4 21.
Nc5 e5 22. Nxb7 Re8 23. dxe5 Nxe5 24. Bxe5 Bxe5 25. Rxc8 Rxc8 26. Ra1 Bxb2 27.
Rxa7 Bc3 28. Ra4 Rb8 29. Nc5 Kf7 30. Rxe4 Bb4 31. Rf4+ Kg7 32. Na6 1-0

[Event "Landesklasse West 2015/2016"]
[Site "?"]
[Date "2015.11.08"]
[Round "3"]
[White "Salaske, Peter"]
[Black "Latka, Vera"]
[Result "1/2-1/2"]
[WhiteElo "1832"]
[BlackElo "1754"]
[PlyCount "38"]
[EventDate "2015.??.??"]
[WhiteTeam "SV Ammern"]
[BlackTeam "ESV Lok Meiningen"]

1. e4 c5 2. Nf3 Nc6 3. c3 d5 4. exd5 Qxd5 5. Be2 e5 6. d3 h6 7. O-O Nf6 8. Nbd2
Be7 9. Re1 O-O 10. Nc4 Re8 11. h3 Bf8 12. Bf1 Bf5 13. Ne3 Qd7 14. Nxf5 Qxf5 15.
Nh4 Qd7 16. Qf3 Re6 17. Nf5 Ne8 18. Ng3 Nf6 19. Nf5 Ne8 1/2-1/2

[Event "Landesklasse West 2015/2016"]
[Site "?"]
[Date "2015.11.08"]
[Round "3"]
[White "Rosenberg, Erik"]
[Black "Klein, Matthias"]
[Result "0-1"]
[WhiteElo "1647"]
[BlackElo "1731"]
[PlyCount "76"]
[EventDate "2015.??.??"]
[WhiteTeam "ESV Lok Meiningen"]
[BlackTeam "SV Ammern"]

1. d4 Nf6 2. c4 g6 3. Nc3 Bg7 4. e4 d6 5. Bg5 c5 6. dxc5 Qa5 7. Bxf6 Bxf6 8.
Nge2 Qxc5 9. Qd5 Na6 10. a3 O-O 11. b4 Qxd5 12. cxd5 Bd7 13. Rc1 Rfc8 14. Kd2
Nc7 15. Nf4 a5 16. Bd3 axb4 17. axb4 Ra3 18. Nfe2 Na6 19. Bxa6 bxa6 20. Rc2 Bb5
21. Nxb5 Rxc2+ 22. Kxc2 Ra2+ 23. Kd3 axb5 24. Rb1 g5 25. g4 Be5 26. Ke3 Ra3+
27. Kd2 Kg7 28. h4 gxh4 29. f4 Ba1 30. Rh1 h3 31. Rg1 e5 32. dxe6 fxe6 33. f5
h2 34. Rh1 Be5 35. Kc2 exf5 36. exf5 Re3 37. Nc1 Rg3 38. Ne2 Rxg4 0-1

[Event "Landesklasse West 2015/2016"]
[Site "?"]
[Date "2015.11.08"]
[Round "3"]
[White "Hentrich, Jörg"]
[Black "Lo, Bao Anh"]
[Result "1-0"]
[WhiteElo "1780"]
[BlackElo "1186"]
[PlyCount "43"]
[EventDate "2015.??.??"]
[WhiteTeam "SV Ammern"]
[BlackTeam "ESV Lok Meiningen"]

1. e4 e5 2. f4 exf4 3. Nf3 d6 4. Bc4 Be7 5. d4 Bg4 6. O-O Bg5 7. c3 Ne7 8.
Bxf7+ Kf8 9. Qb3 d5 10. Nxg5 Ng6 11. Bxg6 Qxg5 12. Rxf4+ Qxf4 13. Bxf4 Nd7 14.
Bf5 Bxf5 15. exf5 Re8 16. Bxc7 Re1+ 17. Kf2 Rh1 18. Qxd5 Nf6 19. Bd6+ Ke8 20.
Qe6+ Kd8 21. Qe7+ Kc8 22. Qc7# 1-0